Statistics for Lesser Known Facts about Italy

Click here to take the quiz!

General Stats

  • This quiz has been taken 28 times
  • The average score is 8 of 20

Answer Stats

RegionHintAnswer% Correct
SicilyThanks to its strategic position at the centre of the Mediterranean Sea, Sicily has been a multicultural meeting point between Europe and North Africa for millennia. In Palermo you can find trilingual street signs. Name either of the two foreign languagesArabic and Hebrew
81%
UmbriaSaint Francis is the patron saint of Italy. What Umbrian city was he born in, and is generally added after his name?Assisi
74%
LazioRome officially has only one sister city, which in turn has Rome as its only sister city, following a saying that only this city is worthy of Rome and vice versa. What city is it?Paris
74%
Trentino-Alto Adige/SüdtirolTrentino-Alto Adige is the producer of almost 60% of this fruit in the Italian market, with Südtirol in particular being the largest closed producing region for this fruit in the EUApples
67%
Emilia-RomagnaWhat NBA superstar lived and started playing basketball seriously in the city of Reggio Emilia?Kobe Bryant
59%
SardiniaWhat official minority language is spoken in Alghero, as evidence of the island being part of the Kingdom of Aragon in medieval times?Catalan
56%
CalabriaThe city of Catanzaro was one of the first, if not the first place in medieval Europe to produce this type of fabricSilk
56%
BasilicataWhat city in Basilicata is known for its cave-like houses, dug into the hillside in prehistoric times and now a UNESCO site?Matera
52%
LombardyThe Battle of Solferino, which put an end to the Second Italian War of Independence, was so bloody that it ultimately led to the establishment of the Geneva Conventions and this huge international humanitarian movementInternational Red Cross and Red Crescent
48%
Marche"Olive ascolane" are, as the name suggests, a typical dish from the city of Ascoli made with olives. The olives are first stuffed with minced meat, and then...Breaded and fried
44%
AbruzzoAbruzzo is home to the largest underground science complex in the world, specialised in the study of particle physics and neutrinos. What is its name, shared with the mountain above it?Laboratori Nazionali del Gran Sasso
41%
LiguriaThis Genoese architect designed famous buildings such as The Shard in London and Kansai International Airport in the Osaka bay, JapanRenzo Piano
37%
PiedmontFIAT, Italy's largest car manufacturer, was founded in Turin. The Lingotto building used to be its biggest factory. What was built on top of this building, and is still there despite the factory closing down?A car test track
19%
MoliseThe Marinelli Pontifical Foundry in Agnone, dating back to the 11th Century, is generally regarded as the oldest business in Italy, and one of the oldest worldwide. What do they mainly produce? (Hint: it's something you can find in every church)Church bells
19%
VenetoThe famous Italian greeting "ciao" derives from the Venetian dialect. What was the meaning of the word originally?Slave
15%
CampaniaThe first railway in Italy, completed in 1839, covered the rather short distance of a little over 7 kilometres (4.5mi) between Naples and this cityPortici
11%
Friuli-Venezia GiuliaThis shipbuilding company is one of the largest in its field globally, and its majour headquarters are located in Trieste. Mainly known for building cruise ships, it is also an important partner for both the Italian and the US NavyFincantieri
4%
TuscanyThis method of generating electricity was first developed in Lardarello in 1904, making Italy the only country with a proper, not experimental powerplant of this type until 1958Geothermal
4%
Aosta ValleyItaly's oldest National Park is located on the border with Piedmont. What is its name? (Hint: again, it's the name of a mountain)Parco Nazionale del Gran Paradiso
4%
ApuliaWhat transport infrastructure is planned for construction near the city of Grottaglie?Spaceport
4%

Score Distribution

Percentile by Number Answered

Percent of People with Each Score

Your Score History

You have not taken this quiz